000 00584nam a2200241Ia 4500
005 20260306150641.0
008 008 260114s9999 xx 000 0 eng d
020 _a9783110716542
037 _aEbook
040 _aCRL
040 _beng
040 _cCRL
041 _2eng
041 _aeng
084 _qCRL
245 0 _aPolymeric Coating Systems for Artificial Leather
260 _bDe Gruyter
260 _c2022
650 _aMaterials Sciences
_91124033
856 _uhttps://www.degruyter.com/isbn/9783110716542
942 _cEBOOK
999 _c1698472
_d1698472